00666nam a2200229Ia 4500008004000000041000800040082001100048100002400059245003400083260004500117300000800162650000800170650000800178650000700186650001200193650001200205690002200217700003200239906001100271999001900282952013500301210210b1911 xxu||||| |||| 00| 0 eng d aeng a321/61 aPOLLOCK (Frederick) aHistory of english law Vol II aLondonbLongmans Green and Companyc1911 a691 aVol alaw aII aHistory aenglish aPolitical Science aMAITLAND (Frederic William) a003378 c121083d121083 001040748Political ScienceaALbALcPolitical Scienced2021-02-17g0.00l0o321/61p003378r2021-02-17 00:00:00w2021-02-17yBK